On This Day: July 25th II Quiz Stats

 Plays Quiz Updated Jul 25, 2018

Score 0/7 Timer 03:00
0 Plays Today
Question Answer Wrong Answers
WikiLeaks publishes classified documents about the War in ______, one of the largest leaks in US military history.
2010
Afghanistan
82.4%
Syria
9.2%
Darfur
2.6%
Yemen
1.6%
The Nazis assassinate ______ Chancellor Engelbert Dollfuss in a failed coup attempt, four years before annexing the country.
1934
Austrian
74.8%
Swiss
3.4%
Polish
20.2%
French
1.6%
In a speech, President John F. Kennedy emphasizes that any attack on this city is an attack on NATO.
1961
Berlin
69.7%
Madrid
2.4%
Paris
10.1%
London
14.2%
This singer-songwriter goes electric at the Newport Folk Festival, receiving boos from the crowd and signaling a major change in folk and rock music.
1965
Bob Dylan
68.3%
Johnny Cash
4.7%
Tom Petty
2.2%
Jimi Hendrix
21.1%
This American football running back, known by the nickname ‘Sweetness’, is born.
1954
Walter Payton
64.1%
Barry Sanders
9.5%
Jerry Rice
12%
Jim Brown
11.7%
The Republic of ______ is proclaimed, with President Habib Bourguiba leading the small North African nation.
1957
Tunisia
60.6%
Egypt
3.5%
Chad
21.5%
Ethiopia
11.2%
Salyut 7 cosmonaut Svetlana Savitskaya becomes the first woman to ______.
1984
Perform a Spacewalk
32.5%
Go to Space
27.1%
Orbit the Earth
17.4%
Command a Space Mission
19%

You're not logged in!

Compare scores with friends on all Sporcle quizzes.
OR
Log In

Sporcle TV

Today on Sporcle TV


Watch our educational content, quiz creation guides, and fun videos on Sporcle TV.

Show Comments

Extras

Top Quizzes Today


Score Distribution

Your Account Isn't Verified!

In order to create a playlist on Sporcle, you need to verify the email address you used during registration. Go to your Sporcle Settings to finish the process.

Report this User

Report this user for behavior that violates our Community Guidelines.

Details: